Návrh opatrení na zlepšenie motivačného systému v podniku OLYMPS DOOR spol. s r.o. = Suggestion of arrangement for improvement of motivation system in OLYMPS DOOR spol. s r.o. : Bakalárska práca
Salvato in:
| Autore principale: | |
|---|---|
| Altri autori: | |
| Natura: | Manoscritto Libro |
| Lingua: | slovacco |
| Pubblicazione: |
Trnava :
STU v Bratislave MTF UPMK,
2008
|
| Soggetti: | |
| Tags: |
Nessun Tag, puoi essere il primo ad aggiungerne!!
|
MARC
| LEADER | 00000ntm a22000003a 4500 | ||
|---|---|---|---|
| 001 | stu172531 | ||
| 005 | 20160719155926.8 | ||
| 008 | 081014s2008----xo------------------slo-d | ||
| 040 | |a STU |b slo | ||
| 041 | 0 | |a slo | |
| 044 | |a xo | ||
| 100 | 1 | |a Bučeková, Drahomíra, |d 1985- |4 aut |X 24100 |7 A000024100 | |
| 245 | 1 | |a Návrh opatrení na zlepšenie motivačného systému v podniku OLYMPS DOOR spol. s r.o. = Suggestion of arrangement for improvement of motivation system in OLYMPS DOOR spol. s r.o. : |b Bakalárska práca | |
| 260 | |a Trnava : |b STU v Bratislave MTF UPMK, |c 2008 | ||
| 300 | |a 68 s |c príl (1 CD-ROM) | ||
| 500 | |a Študijný program: priemyselné manažérstvo | ||
| 500 | |a Študijný odbor: 5.2.52 priemyselné inžinierstvo | ||
| 650 | 7 | |a motivácia zamestnancov |2 stusub | |
| 650 | 7 | |a ľudské zdroje |2 stusub | |
| 700 | 1 | |a Cibulka, Viliam, |d 1948- |4 xxx |u M190 |U MTF Materiálovotechnologická fakulta |T MTF Katedra priemyselného inžinierstva a manažmentu |X 37983 |U M190 |Y 167 |7 A000037983 | |
| 996 | |b 284M068836 |c M*BP-3594 |l MMSKP |s P |a 0 |w stu172531_0001 | ||